Los ambientalismos frente a los extractivismos /

Guardat en:
Dades bibliogràfiques
Autor principal: Gudynas, Eduardo
Format: Llibre
Idioma:Spanish
Etiquetes: Afegir etiqueta
Sense etiquetes, Sigues el primer a etiquetar aquest registre!

MARC

LEADER 00000nam a22000007a 4500
003 cru CIDCACS/IIS
005 20170720133938.0
007 ta
008 170720s2017 ag ||||| |||| 00| 0 spa d
999 |c 19474  |d 19474 
040 |c cru CIDCACS/IIS 
100 1 |9 5017  |a Gudynas, Eduardo 
245 1 4 |a Los ambientalismos frente a los extractivismos /  |c Eduardo Gudynas 
300 |a páginas 110-121 
773 0 |0 19022  |9 1045  |a Fundación Friedrich Ebert  |d Fundación Friedrich Ebert; Nueva Sociedad  |o 18269  |t Nueva Sociedad / 
942 |2 ddc  |c PP